000
00269nam a22001337a 4500
020
_a
9783540309055
041
_a
ENG
100
_a
Mathew .S
245
_a
Wind Energy
260
_a
Delhi
_b
Springer
_c
1995
300
_a
246
650
_a
EOES
856
_u
EOES ( 39 )
999
_c
1277
_d
1277